| 000 | 00720nam a22002177a 4500 | ||
|---|---|---|---|
| 999 |
_c11268 _d11268 |
||
| 003 | AR-CdUCM | ||
| 008 | 190403b ||||| |||| 00| 0 spa d | ||
| 040 |
_aMUNICIPALIDAD PROVINCIAL DEL CUSCO _cBIBLIOTECA MUNICIPAL DEL CUSCO |
||
| 082 |
_aEP / 372.700 / _bH81 |
||
| 100 |
_aHoyos Peña, Julio _928551 |
||
| 245 |
_aCuaderno de trabajo creativo : _bEducación artistica sexto grado de primaria / |
||
| 260 |
_aLima : _bEscuela Nueva, _c1995. |
||
| 300 |
_a76 paginas ; _bIlustraciones, graficos, dibujos, _c27 cm. |
||
| 500 | _aArte | ||
| 650 |
_aArte _9561 |
||
| 650 |
_aCuaderno de trabajo creativo _928552 |
||
| 650 |
_aTexto escolar _92070 |
||
| 650 |
_aEducacion _9460 |
||
| 942 |
_2ddc _cLIBROS |
||
| 945 | _apjha | ||